Llwytho...
The McMahon line : a century of discord
| Prif Awdur: | |
|---|---|
| Fformat: | Printed Book |
| Cyhoeddwyd: |
India
Harper Collins
2019
|
| LEADER | 00426nam a22001337a 4500 | ||
|---|---|---|---|
| 999 | |c 214240 |d 214240 | ||
| 020 | |a 9789352777754 | ||
| 082 | |a 327.515 |b SIN.M | ||
| 100 | |a J.J. Singh | ||
| 245 | |a The McMahon line : |b a century of discord | ||
| 260 | |a India |b Harper Collins |c 2019 | ||
| 300 | |a 439 | ||
| 942 | |c BK | ||
| 952 | |0 0 |1 0 |4 0 |6 327_515000000000000_SIN_M |7 0 |9 227987 |a DCI |b DCI |d 2019-11-27 |l 0 |o 327.515 SIN.M |p DCI6220 |r 2019-11-27 |w 2019-11-27 |y BK | ||